Tecnología didáctica: teoría y práctica de la programación escolar

Saved in:
Bibliographic Details
Main Authors: Ferrández, Adalberto (Author), Sarramona López, Jaume (Author), Tarín, Luis (Author)
Format: Book
Language:Spanish
Published: Barcelona Ceac 1988
Edition:8a. ed
Series:Colección Educación y Enseñanza
Subjects:
Tags: Add Tag
No Tags, Be the first to tag this record!

MARC

LEADER 00000nam a2200000 a 4500
001 UCO6600
003 CL-VaPUC
008 001027e19880000SP |||||||||||||||||spa|d
082 0 4 |a 371.33  |b FER  |2 21 
100 |a Ferrández, Adalberto  |e author  |9 307973 
700 0 |a Sarramona López, Jaume  |e author  |9 451368 
700 0 |a Tarín, Luis  |e author  |9 451369 
245 1 0 |a Tecnología didáctica: teoría y práctica de la programación escolar 
250 |a 8a. ed 
300 |a 349 p 
942 |c BK 
945 |d 20001027 00:00:00  |a vberengu 
260 |a Barcelona  |b Ceac  |c 1988 
650 7 |a MATERIALES DIDACTICOS  |2 CL-VaPUC  |9 451370 
650 0 |a Métodos de enseñanza  |9 270413 
650 0 |a Planificación de la educación   |9 307333 
650 0 |a Procesos de aprendizaje  |9 309161 
650 0 |a Tecnología educacional  |9 307265 
583 |a last modification  |c 20151130 09:38:29  |k Rodrigo Vera 
490 0 |a Colección Educación y Enseñanza 
999 |c 292082  |d 292080 
952 |0 0  |1 0  |4 0  |6 371_330000000000000_FER_1988  |7 0  |8 P  |9 342640  |a BIBEDU  |b BIBEDU  |c BIBEDU_PB  |d 2019-11-20  |i 3660710  |o 371.33 FER 1988  |p 3660710  |r 2024-01-25  |w 2019-11-20  |y BK  |k BME